Statistiken für Alle Pokémon der 5. Generation

Klicken Sie hier um das Quiz zu spielen!

Allgemein

  • Dieses Quiz wurde 10 mal gespielt
  • Das Durchschnittsergebnis liegt bei 59 aus 156

Antwortstatistiken

5. Generation% Korrekt
Admurai
71%
Boreos
71%
Efoserp
71%
Ferkokel
71%
Floink
71%
Ottaro
71%
Serpifeu
71%
Symvolara
71%
Toxiped
71%
Voltolos
71%
Zwottronin
71%
Branawarz
57%
Cerapendra
57%
Demeteros
57%
Dusselgurr
57%
Elezeba
57%
Fasasnob
57%
Felilou
57%
Flambirex
57%
Grillchita
57%
Grillmak
57%
Kobalium
57%
Kukmarda
57%
Matrifol
57%
Mebrana
57%
Nagelotz
57%
Reshiram
57%
Rollum
57%
Schallquap
57%
Serpiroyal
57%
Sodachita
57%
Sodamak
57%
Somniam
57%
Somnivora
57%
Vegichita
57%
Vegimak
57%
Victini
57%
Zebritz
57%
Zekrom
57%
Apoquallyp
43%
Barschuft
43%
Brockoloss
43%
Echnatoll
43%
Elfun
43%
Fermicula
43%
Folikon
43%
Gelatini
43%
Gelatwino
43%
Ignivor
43%
Jiutesto
43%
Karadonis
43%
Kiesling
43%
Kleoparda
43%
Klikdiklak
43%
Klikk
43%
Kliklak
43%
Kyurem
43%
Laternecto
43%
Lichtel
43%
Mamolida
43%
Maxax
43%
Milza
43%
Ohrdoch
43%
Petznief
43%
Piccolente
43%
Sedimantur
43%
Shardrago
43%
Siberio
43%
Skelabra
43%
Swaroness
43%
Terrakium
43%
Viridium
43%
Waumboll
43%
Yorkleff
43%
Zapplarang
43%
Zapplardin
43%
Bisofank
29%
Bissbark
29%
Caesurio
29%
Chillabell
29%
Deponitox
29%
Duodino
29%
Emolga
29%
Flampion
29%
Flampivian
29%
Fleknoil
29%
Fletiamo
29%
Frigometri
29%
Furnifraß
29%
Galapaflos
29%
Ganovil
29%
Gelatroppo
29%
Gladiantri
29%
Golbit
29%
Golgantes
29%
Hutsassa
29%
Hypnomorba
29%
Irokex
29%
Kapuno
29%
Kastadur
29%
Keldeo
29%
Kronjuwild
29%
Laukaps
29%
Lin -Fu
29%
Makabaja
29%
Maracamba
29%
Megalon
29%
Meistagrif
29%
Mitodos
29%
Mollimorba
29%
Monozyto
29%
Morbitesse
29%
Navitaub
29%
Picochilla
29%
Praktibalk
29%
Rabigator
29%
Rokkaiman
29%
Rotomurf
29%
Sesokitz
29%
Sharfax
29%
Skallyk
29%
Stalobor
29%
Strawickl
29%
Strepoli
29%
Tarnpignon
29%
Tentantel
29%
Terribark
29%
Trikephalo
29%
Unratütox
29%
Wattzapf
29%
Wie -Shu
29%
Zapplalek
29%
Zurrokex
29%
Zytomega
29%
Aeropteryx
14%
Castellith
14%
Cavalanzas
14%
Dressella
14%
Flapteryx
14%
Flunschlik
14%
Genesect
14%
Geronimatz
14%
Grypheldis
14%
Hydragil
14%
Karippas
14%
Lilminip
14%
Lithomith
14%
Meloetta
14%
Pygraulon
14%
Quabbel
14%
Ramoth
14%
Schnuthelm
14%
Voltula
14%
Zoroark
14%
Zorua
14%
Wakshakwil
0%

Verteilung der Resultate

Perzentil nach korrekt beantworteten Fragen

Anzahl Personen mit jedem Resultat

Ihre Resultats-Entwicklung

Sie haben dieses Quiz noch nicht gespielt